Catálogo

Vista normal Vista MARC

Entrada Personal Name

Número de registros utilizados en: 1

001 - CONTROL NUMBER

  • control field: 17476

003 - CONTROL NUMBER IDENTIFIER

  • control field: Mx-PuUPA

005 - DATE AND TIME OF LATEST TRANSACTION

  • control field: 20250918163830.0

008 - FIXED-LENGTH DATA ELEMENTS

  • fixed length control field: 250918|| aca||aabn | a|a d

040 ## - CATALOGING SOURCE

  • Original cataloging agency: Mx-PuUPA
  • Language of cataloging: spa
  • Transcribing agency: Mx-PuUPA
  • Modifying agency: Mx-PuUPA
  • Description conventions: rda

100 1# - HEADING--PERSONAL NAME

  • Personal name: Burgos Martínez, Mayco,

373 ## - ASSOCIATED GROUP

  • Associated group: Benemérita Universidad Autónoma de Puebla

374 ## - OCCUPATION

  • Occupation: Coordinador
  • Occupation: Doctor en filosofía

375 ## - GENDER

  • Gender: hombre

377 ## - ASSOCIATED LANGUAGE

  • Language code: spa

400 1# - SEE FROM TRACING--PERSONAL NAME

  • Personal name: Martínez, Mayco Burgos

670 ## - SOURCE DATA FOUND

  • Source citation: Filosofía y entornos virtuales: Reflexiones sobre las formas emergentes de interacción, 2022:
  • Information found: t. p. (Mayco Burgos Martínez) portada